000 00791cam a2200205 4500500
005 20260329020404.0
041 _afre
042 _adc
100 1 0 _aBernot, Kevin
_eauthor
700 1 0 _aChampion, Yannick
_eauthor
700 1 0 _aCombes, Christèle
_eauthor
700 1 0 _aGanne, Jean-Pierre
_eauthor
700 1 0 _aLebourgeois, Richard
_eauthor
700 1 0 _aMoncorgé, Richard
_eauthor
700 1 0 _aMonnereau, Cyrille
_eauthor
700 1 0 _aPinard Legry, Gérard
_eauthor
245 0 0 _aMatériaux à propriétés thermiques et matériaux pour l'énergie
260 _bTechniques de l'ingénieur,
_c2025.
856 4 1 _uhttps://stm.cairn.info/techniques-de-l-ingenieur-materiaux-a-proprietes-thermiques-et-materiaux-pour-lenergie--42536210?lang=fr&redirect-ssocas=7080
999 _c1905826
_d1905826